000 00321nam a22001457a 4500
003 OSt
005 20211231130021.0
008 211231b |||||||| |||| 00| 0 eng d
020 _a0079119565
040 _cHU
082 _a006.7
100 _aHofstetter
_926609
245 _aMultimedia Literacy
942 _2ddc
_cBOOKS
_n0
999 _c25535
_d25535